[Event "Verden op-B"]
[Site "Verden"]
[Date "2023.01.06"]
[Round "3"]
[White "Nagel, Detlev"]
[Black "Sturm, Hubert"]
[Result "0-1"]
[WhiteElo "1471"]
[BlackElo "1719"]
[PlyCount "104"]
[EventDate "2023.01.05"]
[EventType "swiss"]
[EventRounds "7"]
[EventCountry "GER"]
[SourceTitle "CBM 212 Extra"]
[Source "ChessBase"]
[SourceDate "2023.03.31"]
[SourceVersion "1"]
[SourceVersionDate "2023.03.31"]
[SourceQuality "1"]

1. d4 d5 2. Nf3 g6 3. Bf4 Bg7 4. Nc3 Nf6 5. Nb5 Na6 6. c3 c6 7. Na3 Nb8 8. Nc2 0-0 9. h3 Nbd7 10. Ne5 Nh5 11. Nxd7 Bxd7 12. Bd2 Nf6 13. Bf4 Re8 14. g4 Bc8 15. Bg2 Nd7 16. 0-0 e5 17. dxe5 Nxe5 18. Ne3 Be6 19. Bg3 Qb6 20. Rb1 Rad8 21. Qc2 Bc8 22. b3 Bh6 23. Bxe5 Rxe5 24. Nd1 Rde8 25. e3 Qd8 26. f4 R5e7 27. Qd3 Qb6 28. Rf3 Bg7 29. Rc1 Rd8 30. Rc2 h5 31. f5 gxf5 32. gxf5 Bf6 33. Rcf2 Qc7 34. Qe2 Qe5 35. Bf1 h4 36. Rg2+ Kf8 37. Rf4 Ree8 38. Rgf2 Ke7 39. Bg2 Rg8 40. Kf1 Rg3 41. e4 d4 42. cxd4 Rxd4 43. Ne3 Qd6 44. Kg1 Bg5 45. R4f3 f6 46. Rxg3 hxg3 47. Rf1 Rd2 48. Qe1 Qd4 49. Rf3 Rd1 50. Qxd1 Bxe3+ 51. Rxe3 Qxd1+ 52. Bf1 Qd4 0-1

[Event "Niedersachsen-ch op C"]
[Site "Verden"]
[Date "2019.01.04"]
[Round "4"]
[White "Hubrich, Jonas"]
[Black "Nagel, Detlev"]
[Result "0-1"]
[WhiteElo "1170"]
[BlackElo "1468"]
[PlyCount "58"]
[EventDate "2019.01.03"]
[EventType "swiss"]
[EventRounds "7"]
[EventCountry "GER"]
[SourceTitle "EXT 2022"]
[Source "ChessBase"]
[SourceDate "2021.10.06"]
[SourceVersion "1"]
[SourceVersionDate "2021.10.06"]
[SourceQuality "1"]

1. e4 c5 2. f4 Nc6 3. Nf3 d6 4. Bc4 e6 5. Nc3 a6 6. a4 Be7 7. d4 cxd4 8. Nxd4 Bf6 9. Nxc6 Bxc3+ 10. Bd2 Bxd2+ 11. Qxd2 bxc6 12. Rd1 d5 13. exd5 cxd5 14. Bb3 Nf6 15. c4 Bb7 16. c5 Ne4 17. Qb4 Bc6 18. a5 Rb8 19. Qa3 0-0 20. 0-0 Rb5 21. Bc2 Nxc5 22. Qh3 f5 23. g4 g6 24. g5 Qxa5 25. Rf3 Rb6 26. Re3 Rxb2 27. Bxf5 exf5 28. Re7 Ne6 29. Kh1 d4+ 0-1

[Event "Niedersachsen-ch op C"]
[Site "Verden"]
[Date "2019.01.04"]
[Round "3"]
[White "Nagel, Detlev"]
[Black "Rau, Jonas"]
[Result "1-0"]
[WhiteElo "1468"]
[BlackElo "1281"]
[PlyCount "109"]
[EventDate "2019.01.03"]
[EventType "swiss"]
[EventRounds "7"]
[EventCountry "GER"]
[SourceTitle "EXT 2022"]
[Source "ChessBase"]
[SourceDate "2021.10.06"]
[SourceVersion "1"]
[SourceVersionDate "2021.10.06"]
[SourceQuality "1"]

1. e4 c5 2. Nc3 a6 3. Nf3 d6 4. a3 b5 5. b3 Bb7 6. d3 g6 7. Bb2 Bg7 8. Rb1 Qa5 9. Qd2 Nc6 10. Nd5 Qxd2+ 11. Nxd2 Bxb2 12. Nc7+ Kd7 13. Nxa8 Bxa3 14. Nb6+ Kd8 15. Nd5 e6 16. Ne3 Bb4 17. Rc1 Ba3 18. Ra1 Bb2 19. Ra2 Bc3 20. Nd1 Bg7 21. c3 Kc7 22. Be2 Nge7 23. 0-0 Ra8 24. Nb1 a5 25. Nb2 Nc8 26. Rc1 Kb8 27. Nd1 Nb6 28. Ne3 Kc7 29. Nc2 Kb8 30. f3 b4 31. c4 Nd4 32. Nxd4 Bxd4+ 33. Kf1 Bc6 34. Bd1 Nd7 35. Ke2 h5 36. Nd2 h4 37. f4 f5 38. Bc2 Kb7 39. Nf3 Bf6 40. Rg1 Kb6 41. g3 h3 42. g4 fxe4 43. dxe4 e5 44. g5 Bg7 45. f5 gxf5 46. exf5 e4 47. Nd2 e3 48. Nf1 Bd4 49. Rg3 Bg2 50. Nxe3 Re8 51. Kd2 Bc3+ 52. Kd1 Bf1 53. Nd5+ Kb7 54. Nxc3 bxc3 55. Bd3 1-0

[Event "Niedersachsen-ch op C"]
[Site "Verden"]
[Date "2019.01.03"]
[Round "1"]
[White "Vianden, Ella"]
[Black "Nagel, Detlev"]
[Result "0-1"]
[WhiteElo "1145"]
[BlackElo "1468"]
[PlyCount "102"]
[EventDate "2019.01.03"]
[EventType "swiss"]
[EventRounds "7"]
[EventCountry "GER"]
[SourceTitle "EXT 2022"]
[Source "ChessBase"]
[SourceDate "2021.10.06"]
[SourceVersion "1"]
[SourceVersionDate "2021.10.06"]
[SourceQuality "1"]

1. e4 c5 2. Nf3 Nc6 3. d4 cxd4 4. Nxd4 e5 5. Nf3 Bc5 6. Be3 Bxe3 7. fxe3 Qb6 8. Qd2 Qxb2 9. Qc3 Qxc3+ 10. Nxc3 Nf6 11. Bb5 d6 12. Nd5 0-0 13. Nxf6+ gxf6 14. 0-0 Bg4 15. Rad1 Rad8 16. Rd2 Ne7 17. Be2 Be6 18. a3 Kg7 19. Nh4 a6 20. Bd1 d5 21. exd5 Rxd5 22. Rdf2 f5 23. Be2 Rc8 24. Bh5 e4 25. g4 Ng6 26. Nxf5+ Bxf5 27. gxf5 Ne5 28. f6+ Kh8 29. Rg2 Ng6 30. Bxg6 hxg6 31. Rf4 Rd1+ 32. Rf1 Rxf1+ 33. Kxf1 Rc3 34. Rd2 Rxe3 35. Rd7 Rf3+ 36. Ke2 Rxf6 37. Rxb7 Kg7 38. c4 Rc6 39. Rb4 Kf6 40. Ke3 Ke5 41. a4 f5 42. h4 f4+ 43. Kd2 Rd6+ 44. Kc3 f3 45. c5 Rd3+ 46. Kc4 Rd4+ 47. Kc3 Rxb4 48. Kxb4 f2 49. c6 Kd6 50. Kc4 f1Q+ 51. Kd4 Qd3# 0-1

[Event "Hannover-chA"]
[Site "Lehrte"]
[Date "2015.10.30"]
[Round "3"]
[White "Nagel, Detlev"]
[Black "Schiege, Erwin"]
[Result "0-1"]
[WhiteElo "1487"]
[BlackElo "1354"]
[PlyCount "124"]
[EventDate "2015.10.29"]
[EventType "swiss"]
[EventRounds "7"]
[EventCountry "GER"]
[SourceTitle "EXT 2021"]
[Source "ChessBase"]
[SourceDate "2020.10.23"]
[SourceVersion "1"]
[SourceVersionDate "2020.10.23"]
[SourceQuality "1"]

1. Nf3 d6 2. b3 e5 3. Nc3 Nf6 4. g3 Be6 5. Bg2 c6 6. Bb2 Nbd7 7. 0-0 Be7 8. a4 h6 9. e4 0-0 10. d4 Rb8 11. dxe5 dxe5 12. Qe2 Qc7 13. Ba3 Bxa3 14. Rxa3 Qa5 15. Qe1 Qb4 16. Nb1 Qxe4 17. Qxe4 Nxe4 18. Re1 Bf5 19. Nh4 Nxg3 20. hxg3 Bxc2 21. Be4 Bxe4 22. Rxe4 f6 23. Nf5 h5 24. b4 Rfd8 25. Ra2 Nb6 26. Nc3 g6 27. Ne3 Rd3 28. Rc2 Rbd8 29. a5 Nd5 30. Ncxd5 cxd5 31. Rh4 d4 32. Nf1 Rc3 33. Rxc3 dxc3 34. Rc4 Rd4 35. Rxc3 Rxb4 36. Ne3 Rb5 37. Ra3 a6 38. Kg2 Kg7 39. Kh3 f5 40. f3 Kf6 41. Nc4 Ke6 42. Rd3 Rd5 43. Rb3 Rb5 44. Rd3 Kf6 45. Rd6+ Kf7 46. Rb6 Rxb6 47. axb6 Ke6 48. Na5 Kd6 49. Nxb7+ Kc6 50. Na5+ Kxb6 51. Nc4+ Kc5 52. Nxe5 g5 53. Kg2 a5 54. Kf2 a4 55. Ke2 a3 56. Nd3+ Kc4 57. Nc1 Kc3 58. Kd1 Kb2 59. Kd2 h4 60. gxh4 gxh4 61. Nd3+ Kb1 62. Nb4 a2 0-1

[Event "Daehne Cup Region 14/15 IV Rest"]
[Site "Neustadt"]
[Date "2015.07.27"]
[Round "2"]
[White "Nagel, Detlev"]
[Black "Glaschak, Joachim"]
[Result "1-0"]
[WhiteElo "1434"]
[BlackElo "1358"]
[PlyCount "82"]
[EventDate "2015.06.??"]
[EventType "swiss"]
[EventCountry "GER"]
[SourceTitle "EXT 2022"]
[Source "ChessBase"]
[SourceDate "2021.10.06"]
[SourceVersion "1"]
[SourceVersionDate "2021.10.06"]
[SourceQuality "1"]

1. f4 d5 2. Nf3 Nf6 3. d4 b6 4. Nc3 Bb7 5. e3 e6 6. Bd3 c5 7. b3 Ba6 8. Bxa6 Nxa6 9. Qe2 Nc7 10. a4 a6 11. Ne5 Bd6 12. 0-0 0-0 13. Rf3 cxd4 14. exd4 Bb4 15. Nc6 Qd6 16. Nxb4 Qxb4 17. Qd3 Ne4 18. Ba3 Qxc3 19. Qxc3 Nxc3 20. Bxf8 Ne2+ 21. Kf2 Nxd4 22. Rc3 Kxf8 23. Rxc7 g6 24. g4 h5 25. Rd1 Nxc2 26. Rxc2 hxg4 27. Rdc1 Kg7 28. Rc8 Rxc8 29. Rxc8 Kf6 30. Rc6 b5 31. Rxa6 bxa4 32. Rxa4 Kf5 33. Ke3 f6 34. Rd4 g5 35. fxg5 Kxg5 36. b4 f5 37. b5 e5 38. Rxd5 f4+ 39. Ke4 f3 40. Rxe5+ Kh4 41. Rf5 Kh3 1-0

[Event "Daehne Cup Region Hannover III Rest"]
[Site "Neustadt"]
[Date "2014.05.31"]
[Round "2"]
[White "Glaschak, Joachim"]
[Black "Nagel, Detlev"]
[Result "0-1"]
[WhiteElo "1284"]
[BlackElo "1483"]
[PlyCount "66"]
[EventDate "2014.05.??"]
[EventType "swiss"]
[EventCountry "GER"]
[SourceTitle "EXT 2022"]
[Source "ChessBase"]
[SourceDate "2021.10.06"]
[SourceVersion "1"]
[SourceVersionDate "2021.10.06"]
[SourceQuality "1"]

1. d4 b6 2. c4 Bb7 3. Nc3 e6 4. Bd2 Nf6 5. e3 g6 6. Nf3 Bg7 7. Bd3 0-0 8. 0-0 d6 9. e4 Nfd7 10. Bg5 f6 11. Be3 c6 12. Qd2 e5 13. d5 Na6 14. Bh6 Rf7 15. Bxg7 Rxg7 16. a3 Qe7 17. b4 Nc7 18. a4 a5 19. b5 cxd5 20. Nxd5 Nxd5 21. cxd5 Nc5 22. Ra3 Rf8 23. Qc2 Qd8 24. Nd2 Rc7 25. Rc1 Rff7 26. Nc4 Rc8 27. Be2 f5 28. exf5 gxf5 29. Bh5 Rg7 30. Rd1 Ne4 31. f3 Nf6 32. Qxf5 Rxc4 33. Qe6+ Kh8 0-1

[Event "Hofheim Spring op-B 2nd"]
[Site "Hofheim"]
[Date "2014.04.23"]
[Round "2"]
[White "Haftmann, Rainer"]
[Black "Nagel, Detlev"]
[Result "1-0"]
[WhiteElo "1943"]
[BlackElo "1635"]
[PlyCount "119"]
[EventDate "2014.04.22"]
[EventType "swiss"]
[EventRounds "9"]
[EventCountry "GER"]
[SourceTitle "CBM 160 Extra"]
[Source "ChessBase"]
[SourceDate "2014.07.01"]
[SourceVersion "1"]
[SourceVersionDate "2014.07.01"]
[SourceQuality "1"]

1. e4 g6 2. d4 Bg7 3. Nf3 d6 4. Nc3 c6 5. Be2 Nf6 6. 0-0 0-0 7. h3 b5 8. a3 Bb7 9. Be3 Nbd7 10. Qd2 a5 11. e5 dxe5 12. dxe5 Ne8 13. Rad1 Nc7 14. Qxd7 Nd5 15. Nxd5 Qxd7 16. Nf6+ exf6 17. Rxd7 Bc8 18. Rc7 fxe5 19. Rxc6 e4 20. Nd4 b4 21. axb4 axb4 22. c3 bxc3 23. bxc3 Ra7 24. Bc4 Ra3 25. Nb5 Ra8 26. Bd4 Bxd4 27. cxd4 Rb8 28. Nd6 Bd7 29. Rc7 Be6 30. Bxe6 fxe6 31. Nxe4 Rbd8 32. Nc5 Rfe8 33. Rd7 Rc8 34. Re1 e5 35. Nd3 exd4 36. Rxe8+ Rxe8 37. Rxd4 Re7 38. g3 Kg7 39. Kg2 Kf6 40. Kf3 Kg7 41. Nc5 Rf7+ 42. Ke3 Re7+ 43. Kd3 h6 44. Rd7 Kf6 45. Rxe7 Kxe7 46. f4 Kd6 47. Kd4 h5 48. Nd3 Ke6 49. Ke4 Kf6 50. h4 Ke6 51. Ne1 Kf6 52. Nf3 Ke6 53. Nd4+ Kf6 54. Kd5 Ke7 55. Ke5 Kf7 56. Nf3 Kg7 57. Ke6 Kh6 58. Kf6 Kh7 59. Ne5 Kh6 60. Nxg6 1-0